| 000 | 00772nam a2200253Ia 4500 | ||
|---|---|---|---|
| 003 | OSt | ||
| 005 | 20220928122053.0 | ||
| 006 | a|||||r|||| 00| 0 | ||
| 007 | ta | ||
| 008 | 220927b |||||||| |||| 00| 0 eng d | ||
| 020 | _c2748.1605 | ||
| 024 | _a116115 | ||
| 037 |
_b5209, 19/07/2012, New India Book Agency _cTextual |
||
| 040 |
_aSDCL _cSDCL _beng |
||
| 041 |
_2eng _aeng |
||
| 082 | _aB271, Q2 | ||
| 100 |
_aSteinberg Benjamin _9455867 |
||
| 245 | 0 |
_aRepresentation theory of finite groups _b An introductory approach. |
|
| 260 |
_aNew York _b Springer _c2012 |
||
| 300 |
_axiv,157p _ccm. |
||
| 650 | _aMathematics | ||
| 942 |
_hB271, Q2 _cTEXL _2CC |
||
| 999 |
_c769513 _d769513 |
||